| 000 | 00636nam a2200193Ii 4500 | ||
|---|---|---|---|
| 003 | JO-AjNU | ||
| 008 | 230606s9999||||xx |||||||||||||| ||und|| | ||
| 020 | _a979-8-681-19833-8 | ||
| 040 |
_aJO-AjNU _beng _erda _cJO-AjNU |
||
| 041 | _aeng | ||
| 050 | 1 | 4 | _aQA76.76.S595 2020 |
| 100 | 3 |
_aSingh, Ajit , _eauthor _96456 |
|
| 245 | 0 | 0 | _aCompiler Design Sinply In Depth: Lexical Analysis, Syntax Analysis, Semantic Analysis, Intermediate Code generation, code optimization |
| 300 | _a83p | ||
| 336 |
_atext _btxt _2rdacontent |
||
| 337 |
_aunmediated _bn _2rdamedia |
||
| 338 |
_avolume _bnc _2rdacarrier |
||
| 650 | 4 |
_aCompiler-Design _96457 |
|
| 999 |
_aE3349 _c3345 _d3345 |
||